000 00513nam a2200181Ia 4500
999 _c1722
_d1722
003 OSt
005 20200925102225.0
008 190216s9999||||xx |||||||||||||| ||und||
020 _a9788126106370
040 _coclc
082 _a575.21
_bSUN/C
100 _a Sundararajan, Surendra
_91039
245 0 _aCytogenetics /
_cSurendra Sundararajan
260 _bAnmol Publications,
_aNew Delhi:
_c2004.
300 _a526p
650 _aBotany
942 _cBK
_2ddc
_h575.21
_iSUN/C
_k575.21
_mSUN/C